000
00285nam a2200121 a 4500
008
100920s1966|||| d
245
1
0
_a
Ľudia, roky, život 3
100
1
_a
Erenburg, Iľja
260
_b
Tatran
_a
Bratislava
_c
1966
020
_c
19,50
044
_a
xo
_c
SK
041
_a
slo
999
_c
10533
_d
10533